000 00735nam a2200241Ia 4500
003 OSt
005 20220918172956.0
006 a|||||r|||| 00| 0
007 ta
008 220917b |||||||| |||| 00| 0 eng d
024 _a4,465
037 _cTextual
040 _aARTS
_cARTS
_beng
041 _2eng
_aeng
082 _a2:2b5:73: N3, G9
110 _aAmerican library association. Board on salaries, Staff and tenure
_944399
245 0 _aClassification and pay plans for municipal public libraries
260 _c1932
650 _aLIBRARY SCIENCE
700 _aAmerican library association. Board on salaries, Staff and tenure
_944400
942 _h2:2b5:73: N3, G9
_cTEXL
_2CC
999 _c146651
_d146651